000 00890nam a2200265Ma 4500
008
020 _a1853394874 (pbk.)
049 _aMAIN
090 _aHD9502 ENE
245 0 0 _aEnergy for rural livelihoods :
_ba framework for sustainable decision making /
_cYacob Mulugetta ... [et al.]
260 _aLondon :
_bITDG,
_c2005.
300 _axiv, 154 p. ;
_c24 cm.
504 _aIncludes bibliographical references.
500 _aIncludes index.
650 0 _aEnergy policy
_zDeveloping countries.
650 0 _aEnergy development
_zDeveloping countries.
650 0 _aSustainable development
_zDeveloping countries.
650 0 _aRural development
_zDeveloping countries.
700 1 _aMulugetta, Yacob.
907 _a.b10206553
_b11-09-06
_c05-07-06
003
005 20230123134224.0
040 _cNUST
942 _cBOOKS
_kHD9502 ENE
999 _c162150
_d162150